Migración y salud mental /
Las migraciones europeas al Nuevo Continente, a partir del siglo XVI, han transformado de un modo revolucionario la conformación social y la cultura de América. Tanto que su estructura moderna no sería comprensible si descartáramos ese factor de transformación. Los estudios actuales sobre demografía...
Guardado en:
| Autor principal: | |
|---|---|
| Formato: | Texto |
| Materias: | |
| Etiquetas: |
Agregar Etiqueta
Sin Etiquetas, Sea el primero en etiquetar este registro!
|
MARC
| LEADER | 00000 a a2200000 04500 | ||
|---|---|---|---|
| 001 | 16739 | ||
| 003 | |||
| 040 | |||
| 100 | |a Yampey, Nasim | ||
| 245 | |a Migración y salud mental / |c Nasim Yampey | ||
| 520 | |a Las migraciones europeas al Nuevo Continente, a partir del siglo XVI, han transformado de un modo revolucionario la conformación social y la cultura de América. Tanto que su estructura moderna no sería comprensible si descartáramos ese factor de transformación. Los estudios actuales sobre demografía y desplazamientos humanos obedecen a la preocupación de los estadistas e investigadores sobre las derivaciones mediatas e inmediatas de las migraciones interregionales e internacionales, incrementadas desde la cuarta década de este siglo | ||
| 650 | |a MIGRACION | ||
| 650 | |a SALUD MENTAL | ||
| 650 | |a ECONOMIA | ||
| 650 | |a POLITICA | ||
| 650 | |a CULTURA | ||
| 650 | |a FAMILIA | ||
| 650 | |a ENFERMEDADES | ||
| 773 | |g volumen 18, número 50; páginas 165-179 | ||
| 999 | |c 34022 |d 34022 | ||
